=LDR 00000nam 2200000 4500 =001 INLIS000000000037144 =005 20130612142905 =008 ***********************************Ind** =035 ##$$0010-061300000037144 =041 ##$$a Ind =082 ##$$a R.2x1.000 3 =090 ##$$a R.2x1.000 3, Ali e =100 ##$$a Alindunisi, Syaifuddin =245 ##$$a Ensiklopedi anak muslim, kilauan mukjizat Al-qur'an, Saifuddin Al Indunisis =260 ##$$a [20...?] $b Jakarta =300 ##$$a 57 hlm, ilus, 30 cm =650 ##$$a Alqur'an ensiklopedi =850 ##$$a NBPNMAT